000 00525nam a22001937a 4500
003 KOHA_MİRAKIL
005 20250929114107.0
008 250929b tu ||||| |||| 00| 0 tur d
020 _a9789750816086
040 _aTR-AnABB
_btur
_cTR-AnABB
041 _atur
082 _a100
_bHIL 2011
100 1 _aHilav, Selahattin,
245 1 0 _aFelsefe el kitabı /
_cSelahattin Hilav
260 _aİstanbul :
_bYapı Kredi Yayınları,
_c2011
300 _a262 sayfa ;
_c21 cm
650 0 0 _aFelsefe
942 _2ddc
_cBK
999 _c8959
_d8959
900 _bGizem YORULMAZ